000 00305nam a22001457a 4500
008 230123b ||||| |||| 00| 0 eng d
020 _a9780201750805
041 _aeng
080 _a004
082 _a004 KEL
100 _a18
101 _aSHKP
245 _aABAP OBJECTS
_cKELLER H
942 _2udc
_cBK
999 _c59240
_d59240